000 00164nam a2200073Ia 4500
008 170617s9999 xx 000 0 und d
100 _aChaurasia-B.D
245 0 _aHuman Anatomy
260 _bNew York
999 _c14690
_d14690